Normal view MARC view
  • R.C.C. Design - Engineering

Entry Topical Term

Number of records used in: 1

001 - CONTROL NUMBER

  • control field: 18364

003 - CONTROL NUMBER IDENTIFIER

  • control field: NUST

005 - DATE AND TIME OF LATEST TRANSACTION

  • control field: 20190723101127.0

008 - FIXED-LENGTH DATA ELEMENTS

  • fixed length control field: 190723|| aca||aabn | a|a d

040 ## - CATALOGING SOURCE

  • Original cataloging agency: NUST
  • Transcribing agency: NUST

150 ## - HEADING--TOPICAL TERM

  • Topical term or geographic name entry element: R.C.C. Design - Engineering

670 ## - SOURCE DATA FOUND

  • Source citation: Work cat.: (NUST): Sharma, Neelam 18363, R.C.C. Design and drawing /, 2019.
© 2023 Central Library, National University of Sciences and Technology. All Rights Reserved.